Ensayos sobre historia latinoamericana: enfoques, conceptos y métodos
Guardat en:
| Autor principal: | |
|---|---|
| Format: | Llibre |
| Idioma: | espanyol |
| Publicat: |
Quito
Nacional
1992
|
| Col·lecció: | Biblioteca de Ciencias Sociales, 37
|
| Matèries: | |
| Etiquetes: |
Afegir etiqueta
Sense etiquetes, Sigues el primer a etiquetar aquest registre!
|
MARC
| LEADER | 00000nam a2200000 a 4500 | ||
|---|---|---|---|
| 001 | UCN9368 | ||
| 003 | CL-VaPUC | ||
| 008 | 011130e19920000EC |||||||||||||||||spa|d | ||
| 082 | 0 | 4 | |a 980 |b MOR |2 21 |
| 100 | |a Mörner, Magnus |e autor |9 323671 | ||
| 245 | 1 | 0 | |a Ensayos sobre historia latinoamericana: enfoques, conceptos y métodos |
| 300 | |a 240 p | ||
| 942 | |c BK | ||
| 945 | |d 20011130 00:00:00 |a crobeson | ||
| 260 | |a Quito |b Nacional |c 1992 | ||
| 650 | 7 | |a HISTORIA LATINOAMERICANA |2 CL-VaPUC |9 347191 | |
| 650 | 0 | |a Historiografía |9 257871 | |
| 650 | 0 | |a Historia social |9 313638 | |
| 650 | 7 | |a ESTRUCTURA SOCIAL |2 CL-VaPUC |9 465954 | |
| 651 | 0 | |a América Latina |9 255027 | |
| 583 | |a last modification |c 20011130 00:00:00 |k Rodrigo Vera | ||
| 490 | 0 | |a Biblioteca de Ciencias Sociales, 37 | |
| 999 | |c 298807 |d 298805 | ||
| 952 | |0 0 |1 0 |4 0 |6 980_000000000000000_MOR_1992 |7 0 |8 A |9 354745 |a BIBHIS |b BIBHIS |d 2019-11-21 |i 4492579 |o 980 MOR 1992 |p 4492579 |r 2025-01-20 |w 2019-11-21 |y BK |k HIS | ||